| 000 -ლიდერი |
| ფიქსირებული სიგრძის საკონტროლო ველი |
01765nam a2200277Ia 4500 |
| 001 - საკონტროლო ნომერი |
| საკონტროლო ველი |
17657 |
| 003 - საკონტროლო ნომრის იდენტიფიკატორი |
| საკონტროლო ველი |
GE_BSU |
| 005 - ბოლო ოპერაციის თარიღი და დრო |
| საკონტროლო ველი |
20200220171356.0 |
| 008 - ფიქსირებული სიგრძის მონაცემთა ელემენტები - ზოგადი ინფორმაცია |
| ფიქსირებული სიგრძის საკონტროლო ველი |
181216s2006ge xx |||||||||||||| ||geo|| |
| 020 ## - წიგნის საერთაშორისო სტანდარტული ნომერი |
| International Standard Book Number |
99940-17-74-8 |
| 040 ## - კატალოგიზაციის წყარო |
| Transcribing agency |
GE_BSU |
| 041 ## - ენის კოდი |
| Language code of text/sound track or separate title |
geo |
| 080 ## - უნივერსალური ათობითი კლასიფიკაციის ინდექსი |
| Universal Decimal Classification number |
341.231.14 გ-74 |
| 100 ## - მთავარი ჩანაწერი - პიროვნების სახელი |
| Personal name |
გოცირიძე, ევა. |
| 9 (RLIN) |
203 |
| 245 ## - ცნობა სათაურის შესახებ |
| Title |
მიზეზობრიობა ადამიანის უფლებათა ევროპულ სამართალში / |
| Statement of responsibility, etc |
ევა გოცირიძე ; რედ. ლევან ალექსიძე ; (წინასიტყვ. ავტ.) |
| 264 ## - წარმოების, გამოცემის, დისტრიბუციის და სხვა ცნობები |
| გამოცემის, წარმოების, დისტრიბუციის... ადგილი |
თბილისი : |
| გამოცემის, წარმოების, დისტრიბუციის... სახელწოდება |
ჯისიაი, |
| გამოცემის, წარმოების, დისტრიბუციის... თარიღი |
2006. |
| 300 ## - ფიზიკური აღწერა |
| Extent |
189 გვ; |
| Dimensions |
24 სმ. |
| 504 ## - BIBLIOGRAPHY, ETC. NOTE |
| Bibliography, etc |
ბიბლიოგრ. ტექსტ. შენიშვნ. და გვ. 183-188 |
| 520 ## - SUMMARY, ETC. |
| Summary, etc |
რეზ. ინგლ., ფრანგ. და რუს. ენ.. |
| 600 ## - SUBJECT ADDED ENTRY--PERSONAL NAME |
| Personal name |
ეძღვნ. თინათინ წერეთლისა და ვლადიმერ მაყაშვილის ხსოვნას. |
| 9 (RLIN) |
7298 |
| 653 ## - INDEX TERM--UNCONTROLLED |
| Uncontrolled term |
მიზეზობრიობა ადამიანის უფლებათა ევროპული სამართალი |
| 653 ## - INDEX TERM--UNCONTROLLED |
| Uncontrolled term |
სამართალი |
| 700 ## - ADDED ENTRY--PERSONAL NAME |
| Personal name |
ალექსიძე, ლევან |
| Relator term |
რედაქტორი და წინასიტყვაობის ავტორი |
| 9 (RLIN) |
7299 |
| 710 ## - ADDED ENTRY--CORPORATE NAME |
| Relator term |
საქ. უზენაესი სასამართლო, ადამიანის უფლებათა ცენტრი თსუ-ს საერთაშორ. სამართლის კათედრა |
| 9 (RLIN) |
7300 |
| 942 ## - ADDED ENTRY ELEMENTS (KOHA) |
| Koha item type |
წიგნი |
| Source of classification or shelving scheme |
|